| 000 | 01137nas a2200373 4500 | ||
|---|---|---|---|
| 001 | BR0305123 | ||
| 003 | BR-BrBNA | ||
| 005 | 20231205104147.0 | ||
| 007 | ta | ||
| 008 | 230509b bl.|||p| |||| 00| 00por d | ||
| 040 |
_aBR-BrBNA _bpor _cBiblioteca Nacional de Agricultura |
||
| 041 | _a(Pt) | ||
| 072 | _aF04 | ||
| 100 | 1 | _aGaray, I. | |
| 100 | 1 | _aKindel, A. | |
| 100 | 1 | _aCarneiro, R. | |
| 100 | 1 | _aFranco, A.A. | |
| 100 | 1 | _aBarros, E. | |
| 100 | 1 | _aAbbadie, L. | |
| 245 | 1 | _aComparação da matéria orgânica e de outros atributos do solo entre plantações de Acacia mangium e Eucalyptus grandis | |
| 650 | _aACÁCIA | ||
| 650 | _aEUCALIPTO | ||
| 650 | _aPRODUÇÃO VEGETAL | ||
| 650 | _aMATÉRIA ORGÂNICA | ||
| 650 | _aADUBAÇÃO | ||
| 650 | _aANÁLISE COMPARATIVA | ||
| 650 | _aDECOMPOSIÇÃO | ||
| 650 | _aSERAPILHEIRA | ||
| 650 | _aPROPRIEDADE FÍSICO-QUÍMICA | ||
| 650 | _aANÁLISE ESTATÍSTICA | ||
| 773 | 0 |
_tRevista Brasileira de Ciência do Solo (Brazil) _xISSN 0100-0683 _g(Jul-Aug 2003), v. 27(4) p. 705-712 _wBR0305123 |
|
| 909 |
_a202311 _bLúcia _c55 _dLúcia Elande |
||
| 942 |
_2AGRIS _n0 _cANA |
||
| 999 |
_c176687 _d176687 |
||